UITU Library & LRC     

Treasures of Rnglish Verse (Record no. 18701)

MARC details
000 -LEADER
fixed length control field 00284nam a2200121Ia 4500
008 - FIXED-LENGTH DATA ELEMENTS--GENERAL INFORMATION
fixed length control field 241002s9999 xx 000 0 und d
082 ## - DEWEY DECIMAL CLASSIFICATION NUMBER
Classification number 821 STR
100 ## - MAIN ENTRY--PERSONAL NAME
Personal name Strangs, Herbert
245 #0 - TITLE STATEMENT
Title Treasures of Rnglish Verse
260 ## - PUBLICATION, DISTRIBUTION, ETC.
Place of publication, distribution, etc. London:
Date of publication, distribution, etc. 1936
600 ## - SUBJECT ADDED ENTRY--PERSONAL NAME
Personal name Literature
942 ## - ADDED ENTRY ELEMENTS (KOHA)
Koha item type Usman Collection
Holdings
Withdrawn status Lost status Damaged status Not for loan Home library Current library Date acquired Total checkouts Full call number Barcode Date last seen Price effective from Koha item type
        UITU Library UITU Library 01/01/1994   821 STR UC374 10/02/2024 10/02/2024 Usman Collection

Powered by Koha